000 01295nam a2200241Ia 4500
003 Ost
005 20260507075052.0
008 260507s9999||||xx |||||||||||||| ||und||
040 _cfsecg
041 _aara
082 _a343.03
100 _aالذنيبات، محمد جمال مطلق
_eمؤلف
245 0 _aالنظام القانوني لعقد القرض العام :
_bدراسة مقارنة /
_c محمد جمال مطلق الذنيبات
260 _aعمان:
_bالدار العلمية الدولية للنشر والتوزيع ودار الثقافة,
_c2003
300 _a294 صفحة؛
_bإيضاحات ؛
_c24 سم
490 _aالرسائل القانونية
_v493
504 _aالمراجع ص.285
520 _aتعريف عقد القرض العام وتمييزه عن صور الدين الأخرى، الجوانب الأساسية في التنظيم الفني للقروض العام، الأحكام العامة لعقد القرض العام، النظام القانوني لعقد القرض الخارجي، النظام القانوني لعقد القرض العام في القانون الأردني والقانون المقارن
653 _aالأردن
653 _aالقانون
653 _aالقروض
942 _cكتاب
999 _c42663
_d42663